000 00957nam a22003257a 4500
001 BR2013000511
003 BR-BrBNA
005 20230928104117.0
007 ta
008 230509b bl.||||| |||| 00| 0 por d
040 _aBR-BrBNA
_bpor
_cBiblioteca Nacional de Agricultura
041 _a(Por)
072 _aM12
_b8140
090 _ 8140 BR2013000511
100 1 _aRibeiro, M.C.
110 1 _aUniversidade Federal de Lavras, MG (Brasil)
_0Tese (Mestrado)
245 1 _aEfeitos da variação do esforço de pesca e taxas de mutação sobre a dinâmica temporal do pintado
260 3 _aLavras, MG (Brasil):
_c2012.
300 _a61 p.
500 _aSummaries (Eng, Por); 42 ref.; 21 illus.; 5 tables
650 _aSURUBIM
650 _aMUTAÇÃO
650 _aPESCA
650 _aDINÂMICA POPULACIONAL
650 _aBIOLOGIA
650 _aCOMPUTADOR
650 _aSIMULAÇÃO
909 _a202309
_bLucia
_c55
_dLucia Elande
942 _cBK
999 _c78178
_d78178